[Event "ICS rated blitz match"]
[Site "204.178.125.65"]
[Date "2000.04.02"]
[Round "?"]
[White "Hossa"]
[Black "maxLAT"]
[Result "1-0"]
[WhiteElo "2375"]
[BlackElo "1970"]
[PlyCount "67"]

1. e4 Nf6 2. e5 Ne4 3. d4 e6 4. Qe2 d5 5. exd6 Nxd6 6. Nf3 Be7 7. c4 O-O 8. Nc3
Nf5 9. Be3 Nxe3 10. fxe3 Nd7 11. O-O-O Nf6 12. e4 c6 13. Kb1 b6 14. e5 Nd7 15.
Qc2 Bb7 16. Bd3 h6 17. Bh7+ Kh8 18. Be4 a5 19. g4 Qc7 20. Rdf1 c5 21. Bxb7 Qxb7
22. d5 exd5 23. Nxd5 Bd8 24. Qd3 Rc8 25. Rc1 Rc6 26. Rcd1 Rg6 27. Qf5 Nb8 28.
Nf4 Rc6 29. e6 Bf6 30. exf7 Rxf7 31. Ng6+ Kg8 32. Nfe5 Bxe5 33. Rd8+ Kh7 34.
Rh8# 1-0

[Event "ICS rated blitz match"]
[Site "204.178.125.65"]
[Date "2000.04.02"]
[Round "?"]
[White "maxLAT"]
[Black "Hossa"]
[Result "0-1"]
[WhiteElo "1967"]
[BlackElo "2378"]
[PlyCount "112"]

1. e4 e5 2. Nf3 Nc6 3. Bc4 Bc5 4. O-O d6 5. d3 Nf6 6. h3 Na5 7. Bb5+ c6 8. Ba4
b5 9. Bb3 O-O 10. Nbd2 Kh8 11. Re1 Rb8 12. Nf1 Nxb3 13. axb3 Ra8 14. Be3 Bxe3
15. Nxe3 a5 16. c4 Bb7 17. b4 axb4 18. Rxa8 Qxa8 19. Qb3 Qa4 20. Qxa4 bxa4 21.
Ra1 Ra8 22. Nc2 c5 23. Ne3 a3 24. bxa3 Rxa3 25. Rxa3 bxa3 26. Kf1 a2 27. Nc2
Bc6 28. Na1 Ba4 29. Ke2 Nh5 30. g3 Bd7 31. Ke3 Bxh3 32. Ng5 Be6 33. Nf3 Kg8 34.
Nd2 Nf6 35. f3 g5 36. Ndb3 Kg7 37. Nc1 h5 38. Nxa2 h4 39. gxh4 gxh4 40. Nc3 Nh5
41. Ne2 Ng3 42. Nxg3 hxg3 43. Nc2 f5 44. Ne1 f4+ 45. Ke2 Kf6 46. Ng2 Bd7 47.
Nh4 Bh3 48. Ke1 Kg5 49. Nf5 Bxf5 50. exf5 Kxf5 51. Ke2 e4 52. Kf1 e3 53. Kg1 e2
54. Kg2 e1=Q 55. d4 Qf2+ 56. Kh3 Qh2# 0-1

[Event "ICS rated blitz match"]
[Site "204.178.125.65"]
[Date "2000.04.02"]
[Round "?"]
[White "Hossa"]
[Black "maxLAT"]
[Result "1-0"]
[WhiteElo "2381"]
[BlackElo "1964"]
[PlyCount "61"]

1. e4 Nf6 2. e5 Ne4 3. d4 e6 4. Qe2 d5 5. exd6 Nxd6 6. Nf3 Be7 7. c4 a6 8. Nc3
Nf5 9. Bf4 Nd7 10. d5 Nf6 11. O-O-O exd5 12. Nxd5 Nxd5 13. Rxd5 Nd6 14. c5 Be6
15. Rd2 O-O 16. cxd6 Bxd6 17. Qe3 Bxa2 18. Bxd6 cxd6 19. b3 Qc7+ 20. Rc2 Qa5
21. Kb2 Rfd8 22. Nd2 Re8 23. Qf4 b5 24. Qxd6 b4 25. Nc4 Qf5 26. Bd3 Qg5 27. f4
Qxg2 28. Rxg2 Bxb3 29. Rxg7+ Kxg7 30. Rg1+ Kh8 31. Qf6# 1-0

[Event "ICS rated blitz match"]
[Site "204.178.125.65"]
[Date "2000.04.02"]
[Round "?"]
[White "maxLAT"]
[Black "Hossa"]
[Result "0-1"]
[WhiteElo "1961"]
[BlackElo "2384"]
[PlyCount "42"]

1. e4 e5 2. Nf3 Nc6 3. Bb5 a6 4. Ba4 Nf6 5. O-O Be7 6. Re1 b5 7. Bb3 O-O 8. c3
d5 9. exd5 Nxd5 10. Nxe5 Nxe5 11. Rxe5 c6 12. d4 Bd6 13. Re2 Qh4 14. g3 Qh3 15.
Nd2 Bf5 16. Re1 Bg4 17. Qc2 Rfe8 18. Rxe8+ Rxe8 19. Nf1 Qxf1+ 20. Kxf1 Bh3+ 21.
Kg1 Re1# 0-1

[Event "ICS rated blitz match"]
[Site "204.178.125.65"]
[Date "2000.04.02"]
[Round "?"]
[White "joejan"]
[Black "Hossa"]
[Result "0-1"]
[WhiteElo "2239"]
[BlackElo "2387"]
[PlyCount "48"]

1. e4 e5 2. Nf3 Nc6 3. Bb5 a6 4. Ba4 Nf6 5. O-O Be7 6. Re1 b5 7. Bb3 O-O 8. c3
d5 9. exd5 Nxd5 10. Nxe5 Nxe5 11. Rxe5 c6 12. d4 Bd6 13. Re1 Qh4 14. g3 Qh3 15.
Be3 Bg4 16. Qd3 Rae8 17. Nd2 Re6 18. a4 f5 19. axb5 f4 20. bxc6 fxg3 21. fxg3
Bxg3 22. hxg3 Qxg3+ 23. Kh1 Rf2 24. Bxf2 Rh6# 0-1

[Event "ICS rated blitz match"]
[Site "204.178.125.65"]
[Date "2000.04.02"]
[Round "?"]
[White "Hossa"]
[Black "joejan"]
[Result "1-0"]
[WhiteElo "2397"]
[BlackElo "2229"]
[PlyCount "49"]

1. e4 c5 2. Nf3 d6 3. d4 cxd4 4. Nxd4 Nf6 5. Nc3 a6 6. Bg5 e6 7. f4 h6 8. Bh4
Be7 9. Qf3 Qc7 10. Be2 Nbd7 11. O-O-O b5 12. Bxf6 gxf6 13. Qg3 Bb7 14. Qg7 Rf8
15. f5 b4 16. fxe6 bxc3 17. exd7+ Qxd7 18. b3 Qc7 19. Qxh6 Qc5 20. Kb1 Bxe4 21.
Bf3 f5 22. Qe3 d5 23. Nxf5 Qa3 24. Qxc3 Bxf5 25. Qc6+ 1-0

[Event "ICS Rated standard match"]
[Site "204.178.125.65"]
[Date "2000.04.02"]
[Round "?"]
[White "Hossa"]
[Black "prg3"]
[Result "0-1"]
[WhiteElo "2322"]
[BlackElo "2198"]
[PlyCount "114"]

1. e4 e5 2. Nf3 Nc6 3. Nc3 Nf6 4. Nxe5 Nxe5 5. d4 Ng6 6. e5 Ng8 7. Bc4 Bb4 8.
Qf3 Qe7 9. O-O Bxc3 10. bxc3 Nh6 11. g3 O-O 12. h4 d6 13. h5 Bg4 14. Qxb7 Bxh5
15. exd6 cxd6 16. Qh1 Bg4 17. Bxh6 gxh6 18. Qxh6 Rac8 19. Bd3 Rxc3 20. f3 Bc8
21. Kg2 Qf6 22. Rh1 Qg7 23. Qxg7+ Kxg7 24. Rh5 Ra3 25. Rd5 Rd8 26. Rh5 Ba6 27.
Bxa6 Rxa6 28. a4 Rc8 29. Ra2 Rac6 30. Kh3 Rxc2 31. Rxc2 Rxc2 32. Rd5 Rc6 33.
Ra5 a6 34. Rd5 h6 35. Ra5 Ne7 36. Kh2 d5 37. Kh3 Kf6 38. g4 Ke6 39. Kh4 Kd6 40.
Kh5 Kc7 41. f4 Kb6 42. Rc5 Rxc5 43. dxc5+ Kxc5 44. Kh4 d4 45. Kg3 Kc4 46. Kf2
Kc3 47. g5 hxg5 48. fxg5 d3 49. Kf3 d2 50. Ke2 Kc2 51. Ke3 d1=Q 52. Kf4 Qd4+
53. Kf3 Ng6 54. a5 Qf4+ 55. Ke2 Ne5 56. g6 Qf3+ 57. Ke1 Nd3# 0-1

[Event "ICS rated blitz match"]
[Site "204.178.125.65"]
[Date "2000.04.02"]
[Round "?"]
[White "kali"]
[Black "Hossa"]
[Result "0-1"]
[WhiteElo "2174"]
[BlackElo "2406"]
[PlyCount "28"]

1. d4 Nf6 2. c4 e6 3. Nc3 Bb4 4. Qb3 Nc6 5. Nf3 Ne4 6. g3 d5 7. cxd5 Qxd5 8.
Qxd5 exd5 9. Bd2 Bg4 10. Nxd5 Bxf3 11. exf3 Bxd2+ 12. Ke2 Nxd4+ 13. Kd3 Nxf2+
14. Kxd2 O-O-O 0-1

[Event "ICS rated standard match"]
[Site "204.178.125.65"]
[Date "2000.04.02"]
[Round "?"]
[White "Hossa"]
[Black "Tinker"]
[Result "1/2-1/2"]
[WhiteElo "2350"]
[BlackElo "2268"]
[PlyCount "143"]

1. e4 e5 2. Nf3 Nc6 3. Nc3 d6 4. Bb5 a6 5. Bxc6+ bxc6 6. d4 exd4 7. Nxd4 c5 8.
Nf3 Bg4 9. e5 Ne7 10. exd6 Qxd6 11. Qe2 O-O-O 12. h3 Bh5 13. O-O Qc6 14. g4 Bg6
15. Ne5 Qb7 16. Rd1 Nc6 17. Rxd8+ Nxd8 18. Be3 Nc6 19. Nxc6 Qxc6 20. Rd1 Bd6
21. f4 f6 22. Nd5 Re8 23. c4 Be4 24. Qd2 Bxd5 25. cxd5 Qa4 26. b3 Qe4 27. Kf2
g5 28. fxg5 fxg5 29. Qd3 Bg3+ 30. Kxg3 Qxe3+ 31. Kg2 Qxd3 32. Rxd3 Re2+ 33. Kf3
Rxa2 34. Ke4 Rf2 35. Rc3 Rf4+ 36. Ke5 Kd7 37. Rxc5 Rf3 38. Rc6 Rxh3 39. Rxa6
Rxb3 40. Rh6 Re3+ 41. Kf5 Re7 42. Kxg5 Rg7+ 43. Kh4 Kc8 44. g5 Rd7 45. Kh5 Kd8
46. Kg4 Ke8 47. Re6+ Kf8 48. Re5 Kf7 49. Kh5 Rd6 50. Rf5+ Ke7 51. Kg4 h6 52.
Re5+ Kd7 53. gxh6 Rxh6 54. Kf4 Kd6 55. Re6+ Rxe6 56. dxe6 Kxe6 57. Ke4 c5 58.
Ke3 Ke7 59. Kd2 Kd6 60. Kc1 c4 61. Kc2 Kd5 62. Kc1 Kc5 63. Kc2 Kb4 64. Kb2 Ka4
65. Kc2 Ka5 66. Kc1 Kb5 67. Kc2 Ka4 68. Kc3 Kb5 69. Kc2 Ka4 70. Kc3 Kb5 71. Kc2
Ka4 72. Kc3 1/2-1/2

[Event "ICS rated standard match"]
[Site "204.178.125.65"]
[Date "2000.04.02"]
[Round "?"]
[White "Hossa"]
[Black "janh"]
[Result "0-1"]
[WhiteElo "2346"]
[BlackElo "2267"]
[PlyCount "78"]

1. e4 Nf6 2. e5 Nd5 3. d4 d6 4. Nf3 dxe5 5. Nxe5 Nd7 6. c4 Nxe5 7. cxd5 Ng6 8.
Nc3 Bd7 9. Bd3 e6 10. O-O exd5 11. Nxd5 Bd6 12. Bxg6 hxg6 13. g3 Bc6 14. Nc3
O-O 15. Re1 Bb4 16. Bf4 g5 17. Bc1 Bxc3 18. bxc3 Qd5 19. f3 Rfe8 20. Rf1 g4 21.
Bf4 Re7 22. Rb1 Qxa2 23. Rf2 Qc4 24. Bg5 f6 25. Bd2 Bxf3 26. Qc1 Rae8 27. Qb2
Re2 28. Rbf1 Bc6 29. Rxe2 Rxe2 30. Rf2 Bf3 31. Qb4 Qd3 32. Qb3+ Kh8 33. Qc2
Qxc2 34. Rxe2 Bxe2 35. h3 Qxd2 36. hxg4 Qe3+ 37. Kh2 Qf2+ 38. Kh3 Bf1+ 39. Kh4
Qh2# 0-1

[Event "ICS rated blitz match"]
[Site "204.178.125.65"]
[Date "2000.04.02"]
[Round "?"]
[White "lupica"]
[Black "Hossa"]
[Result "0-1"]
[WhiteElo "2059"]
[BlackElo "2417"]
[PlyCount "38"]

1. e4 e5 2. Nf3 Nc6 3. Bb5 a6 4. Ba4 Nf6 5. O-O Be7 6. Bxc6 dxc6 7. d3 Nd7 8.
Nbd2 O-O 9. Nc4 f6 10. b3 Nb6 11. Ne3 Bd6 12. Bb2 Be6 13. Nh4 g6 14. h3 f5 15.
exf5 gxf5 16. Qh5 Qf6 17. g4 Bf7 18. Qxf5 Qxh4 19. Bxe5 Bd5 0-1

[Event "ICS rated standard match"]
[Site "204.178.125.65"]
[Date "2000.04.02"]
[Round "?"]
[White "PostModernist"]
[Black "Hossa"]
[Result "1-0"]
[WhiteElo "2353"]
[BlackElo "2326"]
[PlyCount "125"]

1. d4 d5 2. Nf3 Nf6 3. e3 e6 4. Bd3 c5 5. O-O c4 6. Be2 Nc6 7. Nbd2 Bd6 8. c3
b5 9. Qc2 O-O 10. e4 Nxe4 11. Nxe4 dxe4 12. Qxe4 Bd7 13. a4 a6 14. Ne5 Bxe5 15.
dxe5 Qc7 16. axb5 axb5 17. Bf4 Rfd8 18. Rxa8 Rxa8 19. Bd1 Ra2 20. Bc2 g6 21.
Rb1 Be8 22. h3 Bd7 23. Bg3 Qa5 24. Qe2 Be8 25. Qd1 b4 26. Be4 b3 27. Qd6 Ra1
28. Rxa1 Qxa1+ 29. Kh2 Qa8 30. Bf4 Qd8 31. Qc5 g5 32. Bxc6 Bxc6 33. Qxc6 gxf4
34. Qxc4 Qd2 35. Qxb3 Qxf2 36. c4 Qe2 37. Qc3 f3 38. Qxf3 Qxc4 39. Qg4+ Qxg4
40. hxg4 Kf8 41. Kg3 Ke7 42. Kf4 Kd7 43. Kg5 Kc6 44. Kf6 Kd5 45. b4 h6 46. b5
Kc5 47. Kxf7 Kb6 48. Kxe6 Kc5 49. Kf5 Kb6 50. e6 Kc5 51. e7 Kb6 52. e8=Q Kc5
53. Qc6+ Kd4 54. Qxh6 Kc5 55. b6 Kd4 56. Qc1 Kd3 57. b7 Ke2 58. b8=Q Kd3 59.
Qb5+ Kd4 60. Qb6+ Kd5 61. Qd1+ Kc4 62. Qbb3+ Kc5 63. Qdd5# 1-0

[Event "ICS rated blitz match"]
[Site "204.178.125.65"]
[Date "2000.04.02"]
[Round "?"]
[White "Hossa"]
[Black "Bankieren"]
[Result "1/2-1/2"]
[WhiteElo "2421"]
[BlackElo "2507"]
[PlyCount "195"]

1. e4 e6 2. d4 d5 3. Nc3 Bb4 4. e5 c5 5. a3 Ba5 6. b4 cxd4 7. Nb5 Bc7 8. f4 Ne7
9. Nf3 Nbc6 10. Nxc7+ Qxc7 11. b5 Na5 12. Ra2 Nf5 13. Bd3 Bd7 14. Bxf5 exf5 15.
a4 a6 16. bxa6 Rxa6 17. Qxd4 Qc4 18. Qa1 b5 19. Qb2 Nb7 20. Be3 Rxa4 21. Rxa4
Qxa4 22. e6 Bxe6 23. Qxg7 Rf8 24. Kd1 Ke7 25. Re1 Rc8 26. Nd4 Rc4 27. Nb3 Qa2
28. Re2 Nd6 29. Nc1 Qa4 30. Nb3 Ne4 31. Ke1 Qa2 32. Kf1 Rxc2 33. Nd4 Qa1+ 34.
Re1 Qc3 35. h4 h5 36. Qg8 Rb2 37. Qg7 Qd3+ 38. Kg1 Rb1 39. Bf2 Rxe1+ 40. Bxe1
Qe3+ 41. Kf1 Qxf4+ 42. Nf3 Qe3 43. Qb2 Qd3+ 44. Kg1 f6 45. Qc1 Qc4 46. Qe3 Ke8
47. Bd2 Qa4 48. Qe1 d4 49. Bf4 b4 50. Nxd4 Ke7 51. Qxb4+ Qxb4 52. Nc6+ Kd7 53.
Nxb4 Bc4 54. Nc2 Ke6 55. Nd4+ Kf7 56. Nxf5 Be6 57. Nd6+ Nxd6 58. Bxd6 Bg4 59.
Kf2 f5 60. Ke1 Ke6 61. Bc7 Kd5 62. Kd2 Ke4 63. Ba5 f4 64. Bc7 f3 65. gxf3+ Kxf3
66. Kd3 Kg2 67. Be5 Kh3 68. Bf6 Bf5+ 69. Kd4 Bg4 70. Kc3 Bd1 71. Bg5 Bg4 72.
Be7 Bf3 73. Bf6 Bg4 74. Kd4 Bf3 75. Kc4 Bg4 76. Kd5 Bf3+ 77. Kc5 Bd1 78. Kd6
Be2 79. Ke5 Bf3 80. Kf4 Bd1 81. Ke4 Bg4 82. Be7 Bd1 83. Kd5 Bg4 84. Kc5 Bd1 85.
Bf6 Bg4 86. Kc4 Bd1 87. Kd3 Bg4 88. Ke4 Bd1 89. Ke3 Bg4 90. Kf2 Bd1 91. Ke3 Bg4
92. Kd4 Bd1 93. Bg5 Bg4 94. Be7 Bd1 95. Ke3 Bg4 96. Kf2 Bd1 97. Ke3 Bg4 98. Kd4
1/2-1/2

[Event "ICS rated standard match"]
[Site "204.178.125.65"]
[Date "2000.04.02"]
[Round "?"]
[White "Hossa"]
[Black "PostModernist"]
[Result "1/2-1/2"]
[WhiteElo "2311"]
[BlackElo "2368"]
[PlyCount "86"]

1. e4 c6 2. d4 d5 3. e5 c5 4. dxc5 e6 5. Be3 Nc6 6. Nf3 Nge7 7. Bd3 Qc7 8. O-O
Nxe5 9. Nxe5 Qxe5 10. Bd4 Qf4 11. Nc3 Nc6 12. Be3 Qe5 13. Bb5 Be7 14. Bd4 Qg5
15. f4 Qh6 16. b4 O-O 17. Bxc6 bxc6 18. b5 cxb5 19. Qe2 Bf6 20. Nxb5 Ba6 21. c3
Rfc8 22. Rab1 Rc6 23. Qf2 Bh4 24. g3 Be7 25. f5 e5 26. Bxe5 Bxc5 27. Bd4 Bb6
28. Rfd1 Rd8 29. Re1 Qh3 30. Bxb6 axb6 31. Rb4 Qh6 32. Qe2 Rcc8 33. Qe7 Bxb5
34. Rxb5 Qc6 35. Qb4 Re8 36. Rd1 d4 37. Rxb6 Qf3 38. Qxd4 Re2 39. Qd8+ Re8 40.
Qd4 Re2 41. Qd8+ Re8 42. Qd2 Re2 43. Qd8+ Re8 1/2-1/2

[Event "ICS rated standard match"]
[Site "204.178.125.65"]
[Date "2000.04.02"]
[Round "?"]
[White "Tinker"]
[Black "Hossa"]
[Result "0-1"]
[WhiteElo "2284"]
[BlackElo "2314"]
[PlyCount "226"]

1. e4 c5 2. Nf3 e6 3. Nc3 d6 4. d4 cxd4 5. Bb5+ Bd7 6. Bxd7+ Nxd7 7. Nxd4 Be7
8. Ndb5 Ne5 9. Qh5 Nf6 10. Qe2 a6 11. Nd4 Rc8 12. O-O O-O 13. Rd1 Nc4 14. Na4
b5 15. Nc3 Qc7 16. a4 b4 17. Na2 Qb7 18. b3 Ne5 19. f3 Nc6 20. Nxc6 Qxc6 21.
Be3 d5 22. e5 Nd7 23. Rac1 Nxe5 24. f4 Nd7 25. Bd4 Bc5 26. Qf2 a5 27. c4 bxc3
28. Rxc3 Bxd4 29. Qxd4 Qb7 30. Rg3 g6 31. Rd2 Nc5 32. Rb2 Ne4 33. Rh3 Qc6 34.
Qe3 Rc7 35. Rh6 f6 36. Re2 Qb7 37. Rh3 Rfc8 38. Rf3 Qa6 39. b4 axb4 40. Nxb4
Qxa4 41. Nd3 Rb7 42. Kh1 Rc3 43. Qg1 Qa7 44. Qe1 Rbb3 45. Nf2 Rxf3 46. gxf3 Nc3
47. Rd2 Rb1 48. Nd1 Qb6 49. Rd3 Na4 50. Rd2 Nc5 51. Kg2 Qc7 52. Qe3 Qc8 53. Qc3
Kf7 54. Rd4 Qc6 55. Qc2 Ra1 56. Kh1 Qb5 57. Kg2 Kf8 58. h3 Qb6 59. h4 Ra7 60.
Ne3 f5 61. Rd1 Ra8 62. Rb1 Qa5 63. Rc1 Nb3 64. Rb1 Nd4 65. Qf2 Qc7 66. Kg3 Ra4
67. Ng2 Kg8 68. Qb2 Qc8 69. Rd1 Qc5 70. Kh3 Rb4 71. Qa1 Kf7 72. Rd3 Kf6 73. Kh2
Kg7 74. Qe1 Kf8 75. Qe5 Kg8 76. Qe3 Kf7 77. Ra3 Rb1 78. Rd3 e5 79. fxe5 Rb4 80.
Rc3 Rc4 81. Rd3 Kg7 82. Qg5 Qf8 83. h5 Ne6 84. Qg3 Qc5 85. hxg6 hxg6 86. Ne3
Rc2+ 87. Kh3 Rc1 88. Nxf5+ Kf8 89. Ne3 Rh1+ 90. Kg2 Qc1 91. Rd1 Rxd1 92. Nxd1
Qxd1 93. Qf2 Qc1 94. Qh4 Nf4+ 95. Kg3 Nh5+ 96. Kh2 Qf4+ 97. Qxf4+ Nxf4 98. Kg3
Nd3 99. f4 Nxe5 100. fxe5 Ke7 101. Kg4 Ke6 102. Kf4 g5+ 103. Kxg5 Kxe5 104. Kg4
Ke4 105. Kg3 Ke3 106. Kg2 Ke2 107. Kg3 d4 108. Kf4 d3 109. Ke4 d2 110. Kd4
d1=Q+ 111. Ke4 Qd6 112. Kf5 Kf3 113. Kg5 Qe6 0-1

[Event "ICS rated standard match"]
[Site "204.178.125.65"]
[Date "2000.04.02"]
[Round "?"]
[White "Hossa"]
[Black "Tinker"]
[Result "1-0"]
[WhiteElo "2329"]
[BlackElo "2269"]
[PlyCount "177"]

1. e4 e5 2. Nf3 Nc6 3. Nc3 d6 4. Bb5 a6 5. Bxc6+ bxc6 6. d4 exd4 7. Nxd4 Ne7 8.
O-O c5 9. Nb3 Be6 10. e5 Ng6 11. exd6 cxd6 12. f4 Nh4 13. g3 Nf5 14. g4 Nh4 15.
f5 Bxb3 16. axb3 Be7 17. Nd5 O-O 18. Ra4 Bg5 19. Bxg5 Qxg5 20. f6 Kh8 21. fxg7+
Qxg7 22. Nf6 Rfd8 23. Qd3 d5 24. Qc3 Ng6 25. Qxc5 Nf8 26. Qe7 Ne6 27. Ra5 Rdc8
28. c3 Rab8 29. b4 Rc4 30. Kh1 Rc7 31. Qd6 Ra8 32. Rxd5 Rcc8 33. Rh5 Nf8 34.
Qd5 Rd8 35. Qb7 Rdb8 36. Qf3 a5 37. bxa5 Rd8 38. Qe2 Rac8 39. Rhf5 Qg6 40. Qe5
Qg7 41. Nh5 Qxe5 42. Rxe5 Rd7 43. Re3 Ne6 44. Nf6 Rd6 45. b4 Rcd8 46. Ree1 Rc6
47. Ne4 Rc7 48. b5 Rb7 49. Rf5 Ng7 50. Re5 Rbb8 51. Nf6 Rd3 52. c4 Rf3 53. Nd5
Rf2 54. Kg1 Rc2 55. R5e4 Rd2 56. Ne7 Ra8 57. a6 Ne6 58. Nf5 Ra7 59. R4e2 Rd3
60. h4 Rc7 61. Rc1 Ra7 62. Kf2 Ra8 63. Rb2 Nf4 64. Kg1 Rf3 65. Rf1 Nh3+ 66. Kg2
Rxf1 67. Kxf1 Nf4 68. c5 Nd3 69. Rc2 Nf4 70. Rc4 Ne6 71. Nd6 f6 72. Ke2 Kg8 73.
Ke3 Nc7 74. Ra4 Ne6 75. c6 Nc7 76. Kd3 Rd8 77. Rd4 Ne6 78. Nf5 Nxd4 79. Nxd4
Kf8 80. b6 Ke7 81. c7 Rc8 82. b7 Rxc7 83. b8=Q Kd7 84. a7 Rxa7 85. Qxa7+ Kd6
86. Qxh7 f5 87. Nxf5+ Kc6 88. Nd4+ Kb6 89. Kc4 1-0

[Event "ICS rated standard match"]
[Site "204.178.125.65"]
[Date "2000.04.03"]
[Round "?"]
[White "Fischer5000"]
[Black "Hossa"]
[Result "1-0"]
[WhiteElo "2159"]
[BlackElo "2342"]
[PlyCount "209"]

1. b4 d5 2. e3 e5 3. a3 Nf6 4. Bb2 Nbd7 5. Nf3 e4 6. Nd4 Be7 7. Be2 a5 8. Nc3
axb4 9. axb4 Rxa1 10. Qxa1 Bxb4 11. O-O O-O 12. Ba3 Bxa3 13. Qxa3 c5 14. Nb3 c4
15. Nd4 Qc7 16. Ra1 Nc5 17. Qb4 Bd7 18. Ra7 Re8 19. Qb1 g6 20. Qb4 Rc8 21. Qb2
Qb8 22. Qb6 Qe5 23. Ra1 Be8 24. Ra2 Nfd7 25. Qb4 Qd6 26. Bg4 f5 27. Be2 Bf7 28.
Ra1 Qe7 29. Bf1 Qh4 30. g3 Qh5 31. Bg2 Qg5 32. f4 Qd8 33. Qa3 Ne6 34. Ndb5 Ndc5
35. Ne2 Be8 36. Nbd4 Nxd4 37. Nxd4 Ba4 38. Qb4 Qd7 39. Kh1 b5 40. Qc3 Ne6 41.
Nxe6 Qxe6 42. Ra2 Re8 43. Kg1 Re7 44. h3 Qd6 45. Qd4 Qc6 46. Bf1 Re8 47. Qc3
Qb6 48. Kg2 Qd6 49. Kh2 b4 50. Qa1 Bd7 51. Ra6 Qc5 52. Ra5 Qc6 53. Qd4 Be6 54.
Be2 Rd8 55. Qf6 Rf8 56. Qa1 Bf7 57. Ra6 Qc8 58. Qf6 b3 59. cxb3 cxb3 60. Rc6
Qa8 61. Qc3 Qb8 62. Qb2 Qb7 63. Rc5 Be8 64. Bd1 Ba4 65. Ra5 Ra8 66. Rc5 Ra6 67.
Be2 Rd6 68. Qe5 Qd7 69. Ra5 Bc6 70. Qb2 Qc7 71. Ra3 d4 72. Bc4+ Kf8 73. Rxb3
Be8 74. Be2 Qc5 75. Rb4 Bd7 76. exd4 Qa7 77. d3 Bc6 78. Rc4 Kg8 79. Qb3 Kh8 80.
dxe4 fxe4 81. Rc5 Rf6 82. Bc4 Rd6 83. Qc3 Bd7 84. Kg2 h6 85. d5+ Kg8 86. Ra5
Qb7 87. Qe5 Qb4 88. Ra8+ Kf7 89. Qxe4 Qb2+ 90. Kg1 Qb7 91. Rh8 Qb6+ 92. Kh1 Kg7
93. Ra8 Rf6 94. Qe7+ Rf7 95. Qe5+ Rf6 96. Kg2 g5 97. Ra6 Qd8 98. fxg5 hxg5 99.
Qxg5+ Kf7 100. d6+ Be6 101. Ra7+ Qc7 102. Rxc7+ Ke8 103. Bb5+ Bd7 104. Rc8+ Kf7
105. Qg8# 1-0

[Event "ICS rated blitz match"]
[Site "204.178.125.65"]
[Date "2000.04.03"]
[Round "?"]
[White "SalovS"]
[Black "Hossa"]
[Result "0-1"]
[WhiteElo "2298"]
[BlackElo "2425"]
[PlyCount "78"]

1. e4 e5 2. Nf3 Nc6 3. Bb5 a6 4. Ba4 Nf6 5. O-O Be7 6. Qe2 b5 7. Bb3 O-O 8. c3
d6 9. d3 Bg4 10. h3 Bxf3 11. Qxf3 a5 12. a4 b4 13. Nd2 bxc3 14. bxc3 Qb8 15.
Bc4 Qb7 16. Re1 Rab8 17. Nf1 Nd8 18. Ng3 Ne6 19. Nf5 Rfe8 20. g4 c6 21. g5 Nd7
22. Qg4 d5 23. exd5 cxd5 24. Bb5 Rbc8 25. Nxe7+ Rxe7 26. Ba3 Ree8 27. Bd6 Rxc3
28. Bxe5 Nxe5 29. Rxe5 Rd8 30. Rae1 Rc2 31. h4 Qb6 32. Qf5 Rd6 33. h5 g6 34.
hxg6 hxg6 35. Qf6 Qd4 36. Rxe6 Qg4+ 37. Kf1 Rxe6 38. Rxe6 Qh3+ 39. Ke1 Qh1# 0-1

[Event "ICS rated blitz match"]
[Site "204.178.125.65"]
[Date "2000.04.03"]
[Round "?"]
[White "Hossa"]
[Black "kako"]
[Result "1-0"]
[WhiteElo "2435"]
[BlackElo "2112"]
[PlyCount "83"]

1. e4 e6 2. d4 d5 3. Nc3 Nf6 4. Bg5 Be7 5. e5 Nfd7 6. Bxe7 Qxe7 7. f4 O-O 8.
Qd2 c5 9. Nf3 Nc6 10. dxc5 Nxc5 11. O-O-O Bd7 12. Bb5 a6 13. Bxc6 bxc6 14. g4
f5 15. gxf5 exf5 16. Qg2 Ne4 17. Ne2 Rab8 18. Rhg1 Be8 19. Ng5 Bg6 20. Nd4 Nxg5
21. Qxg5 Qxg5 22. Rxg5 Rfc8 23. Nxf5 Bxf5 24. Rxf5 Rf8 25. Rxf8+ Rxf8 26. Rd4
Kf7 27. Kd2 Ke6 28. Ra4 Ra8 29. Ke3 g6 30. h4 Kf5 31. Kf3 Ra7 32. Rb4 Ke6 33.
Rb8 c5 34. Rb6+ Ke7 35. b3 a5 36. Rb5 a4 37. Rxc5 axb3 38. axb3 Ra2 39. Ke3 Ke6
40. Kd4 Kf5 41. Kxd5 Kxf4 42. e6 1-0

[Event "ICS rated blitz match"]
[Site "204.178.125.65"]
[Date "2000.04.03"]
[Round "?"]
[White "kako"]
[Black "Hossa"]
[Result "1/2-1/2"]
[WhiteElo "2108"]
[BlackElo "2439"]
[PlyCount "147"]

1. d4 d5 2. c4 e6 3. Nc3 Nf6 4. Bg5 Be7 5. e3 O-O 6. Nf3 Nbd7 7. Bd3 dxc4 8.
Bxc4 c5 9. O-O cxd4 10. exd4 Nb6 11. Bb3 h6 12. Be3 Bd7 13. Ne5 Nbd5 14. Nxd5
Nxd5 15. Qg4 Nf6 16. Qf3 Bb5 17. Rfe1 Bb4 18. Red1 Qe7 19. Rac1 Rac8 20. h3
Rfd8 21. a3 Ba5 22. Ba2 Bb6 23. Rxc8 Rxc8 24. Bb1 Ba5 25. Rc1 Rxc1+ 26. Bxc1
Bb6 27. Be3 Qc7 28. Qd1 Ba6 29. Qc2 Qxc2 30. Bxc2 Bc7 31. Nd3 Bxd3 32. Bxd3 Kf8
33. Kf1 Ke8 34. Ke2 Kd8 35. Bc4 Bd6 36. Kd3 Kd7 37. Bb5+ Kc7 38. f3 a6 39. Bc4
b5 40. Bb3 Bg3 41. a4 bxa4 42. Bxa4 Kb7 43. Kc4 Nd5 44. Kd3 Nb4+ 45. Kc4 Nc6
46. d5 Ne5+ 47. Kd4 exd5 48. Kxd5 Nd3 49. Bd4 f6 50. Ke6 Be5 51. Bxe5 fxe5 52.
Kf7 Nxb2 53. Bc2 h5 54. Kxg7 h4 55. Kf6 Nc4 56. Be4+ Kc7 57. Kg5 a5 58. Kxh4 a4
59. Bd5 Ne3 60. Ba2 Nxg2+ 61. Kg5 a3 62. h4 Ne1 63. Kg4 Kd6 64. h5 Ke7 65. Kf5
Nxf3 66. Ke4 Nd4 67. Kxe5 Nf3+ 68. Ke4 Kf6 69. Kxf3 Kg5 70. Ke3 Kxh5 71. Kd3
Kh6 72. Kc3 Kg7 73. Kb3 Kh6 74. Kxa3 1/2-1/2

[Event "ICS rated blitz match"]
[Site "204.178.125.65"]
[Date "2000.04.03"]
[Round "?"]
[White "Hossa"]
[Black "janderson"]
[Result "1-0"]
[WhiteElo "2427"]
[BlackElo "2292"]
[PlyCount "131"]

1. e4 c5 2. Nf3 Nc6 3. d4 cxd4 4. Nxd4 e6 5. Nc3 d6 6. Bb5 Bd7 7. Nf3 Nf6 8.
O-O Qa5 9. Bd2 Ne5 10. a4 Qc7 11. Nxe5 dxe5 12. Bxd7+ Nxd7 13. Nb5 Qc6 14. Re1
Be7 15. Re3 O-O 16. Rg3 f5 17. Rc3 Bc5 18. exf5 a6 19. Na3 Rxf5 20. Be3 Raf8
21. Kh1 Rxf2 22. Bxf2 Rxf2 23. Rf3 Rxf3 24. Qxf3 Qxf3 25. gxf3 b6 26. Nc4 b5
27. Rd1 Bd4 28. axb5 axb5 29. Na3 Bxb2 30. Nxb5 Nf6 31. c4 Kf8 32. c5 Nd5 33.
c6 Ke7 34. c7 Kd7 35. h4 g6 36. Rb1 Bd4 37. Rc1 Ne7 38. Kg2 h6 39. Rc4 Be3 40.
Rc3 Bd4 41. Rc1 Be3 42. Rc2 Bf4 43. Na7 Nc8 44. Nxc8 Kxc8 45. Rc6 Bd2 46. Rxe6
Kxc7 47. Rxg6 Bf4 48. Kh3 h5 49. Rg5 Kd7 50. Rxh5 Ke6 51. Kg4 Kf6 52. Rf5+ Kg6
53. Rxf4 exf4 54. Kxf4 Kh5 55. Ke5 Kxh4 56. f4 Kh5 57. Ke6 Kg6 58. f5+ Kg7 59.
f6+ Kf8 60. f7 Kg7 61. Ke7 Kg6 62. f8=Q Kg5 63. Qf3 Kg6 64. Qg4+ Kh6 65. Kf7
Kh7 66. Qh4# 1-0

[Event "ICS rated blitz match"]
[Site "204.178.125.65"]
[Date "2000.04.03"]
[Round "?"]
[White "Hossa"]
[Black "janderson"]
[Result "0-1"]
[WhiteElo "2446"]
[BlackElo "2273"]
[PlyCount "122"]

1. e4 e5 2. Nf3 Nc6 3. Nc3 Nf6 4. Nxe5 Nxe5 5. d4 Ng6 6. e5 Ng8 7. Bc4 Bb4 8.
Qf3 Bxc3+ 9. bxc3 Qe7 10. O-O f6 11. exf6 Qxf6 12. Qh5 N8e7 13. Bg5 Qd6 14.
Rae1 Kd8 15. Bf7 c6 16. Bxg6 Qxg6 17. Qxg6 hxg6 18. g4 Re8 19. Rxe7 Rxe7 20.
Re1 Ke8 21. Rxe7+ Kf8 22. h3 b5 23. f4 Rb8 24. Kf2 Rb7 25. Re2 d6 26. a3 Kf7
27. Re1 Be6 28. Kg3 Rb8 29. Ra1 Bc4 30. a4 a6 31. axb5 Bxb5 32. Kf3 Ke6 33.
Re1+ Kd5 34. Kg3 a5 35. Re7 Rg8 36. Rd7 a4 37. Kf3 Ra8 38. Be7 Ke6 39. Rd8 Rxd8
40. Bxd8 a3 41. c4 a2 42. cxb5 cxb5 43. Ke4 d5+ 44. Kd3 a1=Q 45. Bg5 Qa3+ 46.
c3 b4 47. f5+ gxf5 48. gxf5+ Kxf5 49. Be7 Qxc3+ 50. Ke2 Qc2+ 51. Ke3 Qe4+ 52.
Kd2 Qxd4+ 53. Kc2 Qe4+ 54. Kb3 Qxe7 55. Ka4 Qc5 56. Kb3 Qc3+ 57. Ka4 b3 58. Ka3
b2+ 59. Ka2 Qc2 60. h4 b1=Q+ 61. Ka3 Qbb3# 0-1

[Event "ICS rated blitz match"]
[Site "204.178.125.65"]
[Date "2000.04.03"]
[Round "?"]
[White "Hossa"]
[Black "lupica"]
[Result "1-0"]
[WhiteElo "2427"]
[BlackElo "2085"]
[PlyCount "41"]

1. e4 c5 2. Nf3 Nc6 3. d4 cxd4 4. Nxd4 Nf6 5. Nc3 d6 6. Bg5 Bd7 7. Qd2 Rc8 8.
O-O-O Nxd4 9. Qxd4 Qa5 10. Bd2 Qc5 11. Qxc5 dxc5 12. f3 e6 13. Bf4 a6 14. e5
Nh5 15. Be3 g6 16. g4 Ng7 17. Ne4 Rc7 18. Bh6 Bc6 19. Nf6+ Ke7 20. Bg5 h6 21.
Ng8+ 1-0